000 00330 a2200145 4500
001 156056
040 _cEscola São Tomás de Aquino
100 _aCARRASCO, Walcyr
240 1 0 _aO mistério da gruta
_lpor
245 1 0 _aO mistério da gruta
300 _a64
362 0 _a2012
697 _a*LITERATURA JUVENIL
942 _cBK
999 _c156056
_d156056